Score 0/10 Timer 05:00
0 Plays Today
Deaths per 10000 per Year Job % Correct
71.1Fisherman
63.2%
117.8Timber Cutter
36.8%
69.8Pilot
35.1%
32.5Electrical Power Installer
35.1%
25Truck Driver
29.8%
28Farm Worker
17.5%
37Roofer
7%
27.7Construction Laborer
7%
58.2Structural Metal Worker
5.3%
37.9Sales Worker
5.3%
Remove Ads.
Support Sporcle.
Get the best of Sporcle when you Go Orange. This ad-free experience offers more features, more stats, and more fun while also helping to support Sporcle. Thank you for becoming a member.

You're not logged in!

Compare scores with friends on all Sporcle quizzes.
OR
Log In

Show Comments

Extras

Top Quizzes Today


Score Distribution

Your Account Isn't Verified!

In order to create a playlist on Sporcle, you need to verify the email address you used during registration. Go to your Sporcle Settings to finish the process.

Report this User

Report this user for behavior that violates our Community Guidelines.

Details: